000 00609nam a2200253 a 4500
001 nice12345678
003 IN_TiNIC
005 20260116013130.0
008 050524s1993 pena grp 000 0 eng
020 _a0812251
_c100
082 0 0 _a297.7
_bTRI
100 _aTrix, Frances
245 _aSpiritual Discourse
260 _aPennsylvania
_bUniversity of Pennsylvania
_c1993
300 _a189p
500 _aincludes index and biblioraphy
505 2 _aindex
650 _aDawah-Islam
650 _aBektashi
700 1 _aTrix, Frances
902 _bSRS
942 _cBK
999 _c9792
_d9792